The tragic era : The revolution after Lincoln

Na minha lista:
Detalhes bibliográficos
Autor principal: Bowers, Claude G.
Formato: Livro
Idioma:Undetermined
Publicado em: Boston Houghton mifflin company 1962
Assuntos:
Tags: Adicionar Tag
Sem tags, seja o primeiro a adicionar uma tag!
Thư viện lưu trữ: Trung tâm Học liệu Trường Đại học Cần Thơ
LEADER 00518nam a2200193Ia 4500
001 CTU_86514
008 210402s9999 xx 000 0 und d
082 |a 973.81 
082 |b B786 
100 |a Bowers, Claude G. 
245 4 |a The tragic era : 
245 4 |b The revolution after Lincoln 
245 0 |c Claude G. Bowers 
260 |a Boston 
260 |b Houghton mifflin company 
260 |c 1962 
650 |a Amerincan history 
910 |a Vương 
980 |a Trung tâm Học liệu Trường Đại học Cần Thơ